| 000 | 00643nam a22002057a 4500 | ||
|---|---|---|---|
| 003 | BD-DhJNU | ||
| 005 | 20250127090723.0 | ||
| 008 | 250127b |||||||| |||| 00| 0 eng d | ||
| 040 |
_aBD-DhJNU _bENG _cBD-DhJNU _dBD-DhJNU |
||
| 082 |
_223 _a005.73 |
||
| 100 | _aAho, Alfred V. | ||
| 245 |
_aData structures and algorithms / _cAlfred V. Aho, John E. Hopcroft and Jeffrey D. Ullman |
||
| 260 |
_aIndia : _bPearson, _c2012. |
||
| 300 |
_a433 p. : _bill. ; _c24 cm. |
||
| 504 | _aincludes bibliographical reference and index | ||
| 650 | _aComputer Algorithms | ||
| 700 | _aHopcroft, John E. | ||
| 700 | _aUllman, Jeffrey D. | ||
| 942 |
_2ddc _cBK _n0 |
||
| 999 |
_c1186 _d1186 |
||